| 000 | 01843nkm0a22003611 4500 | ||
|---|---|---|---|
| 001 | RU\NLR\INFOCOMM_10\5000067003 | ||
| 005 | 20250806205237.0 | ||
| 035 | _a(NLR Aleph) 010755953 | ||
| 090 |
_a79270 _c79270 |
||
| 100 | _a20150325d1943 u y0rusy50 ca | ||
| 101 | 0 | _arus | |
| 102 | _aRU | ||
| 116 | _aiybxx xx zz | ||
| 135 | _acrcn 024apaba | ||
| 200 | 1 |
_aГрамота Комитета по делам физкультуры и спорта при Исполкоме Ленгорсовета _bИзоматериалы _e[бланк] _fЛенинградский горсовет депутатов трудящихся по делам физкультуры и спорта |
|
| 210 |
_a[Ленинград _d1943] |
||
| 215 |
_a1 л. _d29х22 см |
||
| 300 | _aПодпись: Председатель Комитета по делам физкультуры и спорта при Исполкоме Ленгорсовета | ||
| 325 | _aКопия доступна в Электрон. б-ке РНБ | ||
| 606 | 1 | 0 |
_aБлокада Ленинграда _z1941 - 1944 _2nlr_sh _3RU\NLR\AUTH\661253360 |
| 801 | 1 |
_aRU _binfocomm _c20150325 |
|
| 801 | 0 |
_aRU _bNLR _gPSBO |
|
| 852 |
_aNLR _bЛ3-340 _j6-23/2-2 _pЛМ.2285 |
||
| 852 |
_aNLR _bЛ3-340 _j6-23/2-2 _pЛМ.2286 |
||
| 856 | 0 | _uhttp://vivaldi.nlr.ru/al000000473/view | |
| 856 | 1 | _uhttp://vivaldi.nlr.ru/al000000473/cover | |
| 856 | 2 | _uhttp://vivaldi.nlr.ru/al000000473/text | |
| 942 | _cVISUAL | ||
| 945 | _aРоссийская национальная библиотека | ||
| 980 | _aBV | ||
| 981 | 3 | 7 |
_a(37) Ленинград в Великой Отечественной войне _b(37) Бланки официальных документов, продовольственные карточки |
| 981 | 3 | 4 | _a(34) Санкт-Петербург |